000 00319nam a2200109Ia 4500
008 200302s9999 xx 000 0 und d
100 _aIngrid Siliakus & Others
245 _aArchitectural Origami Create Models of the World Great Buildings
260 _bPage one Publishing Pvt. Ltd.
260 _c2009
300 _a109 P.,
999 _c2766
_d2766